[Event "11th LCC Super Blitz KO 2019"]
[Site "London"]
[Date "2019.12.08"]
[Round "1.16"]
[White "Turner, Matthew J"]
[Black "Praggnanandhaa R"]
[Result "1/2-1/2"]
[WhiteElo "2519"]
[BlackElo "2586"]
[Annotator "ChessBase"]
[PlyCount "109"]
[EventDate "2019.12.08"]
[EventType "k.o."]
[EventCountry "ENG"]
[SourceTitle "playchess.com"]
[Source "ChessBase"]
[SourceQuality "1"]
[TimeControl "180+2"]

1. d4 {[%emt 0:00:00]} Nf6 {[%emt 0:00:02]} 2. Nf3 {[%emt 0:00:00]} b6 {[%emt 0:00:04]} 3. g3 {[%emt 0:00:01]} Bb7 {[%emt 0:00:00]} 4. Bg2 {[%emt 0:00:01]} c5 {[%emt 0:00:02]} 5. O-O {[%emt 0:00:05]} g6 {[%emt 0:00:04]} 6. b3 {[%emt 0:00:04]} Bg7 {[%emt 0:00:06]} 7. Bb2 {[%emt 0:00:01]} cxd4 {[%emt 0:00:05]} 8. Nxd4 {[%emt 0:00:08]} Bxg2 {[%emt 0:00:01]} 9. Kxg2 {[%emt 0:00:01]} O-O {[%emt 0:00:03]} 10. c4 {[%emt 0:00:03]} d5 {[%emt 0:00:02]} 11. cxd5 {[%emt 0:00:18]} Qxd5+ {[%emt 0:00:03]} 12. Nf3 {[%emt 0:00:05]} Nc6 {[%emt 0:00:05]} 13. Nc3 {[%emt 0:00:05]} Qe6 {[%emt 0:00:28]} 14. Qc2 {[%emt 0:00:27]} Rac8 {[%emt 0:00:06]} 15. Rad1 {[%emt 0:00:04]} Rfd8 {[%emt 0:00:53]} 16. Rxd8+ {[%emt 0:00:02]} Rxd8 {[%emt 0:00:01]} 17. Rd1 {[%emt 0:00:02]} Rxd1 {[%emt 0:00:01]} 18. Qxd1 {[%emt 0:00:01]} Qd7 {[%emt 0:00:01]} 19. Qc1 {[%emt 0:00:38]} Nd5 {[%emt 0:00:35]} 20. Nxd5 {[%emt 0:00:04]} Qxd5 {[%emt 0:00:02]} 21. Bxg7 {[%emt 0:00:05]} Kxg7 {[%emt 0:00:01]} 22. Qc3+ {[%emt 0:00:08]} f6 {[%emt 0:00:04]} 23. Qd2 {[%emt 0:00:27]} Qxd2 24. Nxd2 {[%emt 0:00:01]} Kf7 {[%emt 0:00:18]} 25. Kf3 {[%emt 0:00:11]} Ke6 {[%emt 0:00:01]} 26. Ke4 {[%emt 0:00:05]} f5+ {[%emt 0:00:00]} 27. Ke3 {[%emt 0:00:00]} Kd5 {[%emt 0:00:07]} 28. a3 {[%emt 0:00:03]} e5 {[%emt 0:00:03]} 29. f3 {[%emt 0:00:03]} b5 {[%emt 0:00:04]} 30. Kd3 {[%emt 0:00:01]} Nd4 {[%emt 0:00:15]} 31. b4 {[%emt 0:00:11]} Nc6 {[%emt 0:00:15]} 32. e4+ {[%emt 0:00:01]} Ke6 {[%emt 0:00:02]} 33. Nb3 {[%emt 0:00:02]} Kd6 {[%emt 0:00:01]} 34. f4 {[%emt 0:00:06]} exf4 {[%emt 0:00:05]} 35. gxf4 {[%emt 0:00:01]} fxe4+ {[%emt 0:00:01]} 36. Kxe4 {[%emt 0:00:01]} Ne7 {[%emt 0:00:02]} 37. Nd4 {[%emt 0:00:03]} a6 38. h4 {[%emt 0:00:07]} Nd5 {[%emt 0:00:04]} 39. f5 {[%emt 0:00:04]} Nc3+ {[%emt 0:00:04]} 40. Kd3 {[%emt 0:00:10]} Nd5 {[%emt 0:00:01]} 41. fxg6 {[%emt 0:00:04]} hxg6 {[%emt 0:00:01]} 42. Ke4 {[%emt 0:00:01]} Nb6 {[%emt 0:00:05]} 43. Kf4 {[%emt 0:00:02]} Ke7 {[%emt 0:00:01]} 44. Kg5 {[%emt 0:00:02]} Kf7 {[%emt 0:00:00]} 45. Nc6 {[%emt 0:00:01]} Nc4 {[%emt 0:00:01]} 46. Nb8 {[%emt 0:00:02]} Nxa3 {[%emt 0:00:00]} 47. Nxa6 {[%emt 0:00:02]} Nc2 {[%emt 0:00:01]} 48. Nc7 {[%emt 0:00:03]} Nxb4 {[%emt 0:00:02]} 49. Nxb5 {[%emt 0:00:00]} Nc6 {[%emt 0:00:02]} 50. Nd6+ {[%emt 0:00:03]} Kg7 {[%emt 0:00:01]} 51. Nc4 {[%emt 0:00:01]} Nd4 {[%emt 0:00:03]} 52. Ne5 {[%emt 0:00:03]} Ne6+ {[%emt 0:00:00]} 53. Kg4 {[%emt 0:00:00]} Kf6 {[%emt 0:00:01]} 54. Nd3 {[%emt 0:00:03]} Nd4 {[%emt 0:00:01]} 55. Nf4 {[%emt 0:00:01]} 1/2-1/2

[Event "11th LCC Super Blitz KO 2019"]
[Site "London"]
[Date "2019.12.08"]
[Round "2.1"]
[White "Adams, Michael"]
[Black "Jones, Gawain C B"]
[Result "0-1"]
[WhiteElo "2701"]
[BlackElo "2683"]
[Annotator "TA"]
[PlyCount "84"]
[EventDate "2019.12.08"]
[EventType "k.o."]
[EventCountry "ENG"]
[SourceTitle "playchess.com"]
[Source "ChessBase"]
[SourceQuality "1"]

{[%evp 16,84,25,26,24,19,25,28,29,19,29,19,54,23,22,29,47,-13,25,26,17,7,45,21,55,0,0,0,0,0,143,156,509,375,447,325,310,-21,-31,-28,-21,-9,-16,-133,-141,-117,-135,-433,-208,-422,-419,-470,-478,-500,-504,-514,-514,-623,-627,-705,-654,-705,-685,-670,-618,-925,-797,-2374,-2391,-29998,-29999]} 1. e4 e5 2. Nf3 Nc6 3. Bb5 a6 4. Ba4 Nf6 5. d3 d6 6. c3 Bd7 7. O-O g6 8. h3 Bg7 9. Be3 O-O {C72: Ruy Lopez: Deferred Steinitz: 5 0-0} 10. Nbd2 Nh5 (10... Re8 11. Re1 h6 12. Nf1 d5 13. Ng3 b5 14. Bc2 Rb8 15. Qd2 {½-½ (41) Jakovenko,D (2748)-Tomashevsky,E (2702) Satka 2018}) 11. d4 Qe7 $146 {White has an edge.} ({Predecessor:} 11... b5 12. Bc2 exd4 13. cxd4 Nb4 14. a3 Nxc2 15. Qxc2 {1-0 (31) Georgakopoulos,N (2085)-Reichardt,R (1993) Porto Carras 2018}) 12. Re1 Nd8 13. Bb3 Be6 14. Nc4 b5 15. Na5 c5 16. dxc5 ({White should try} 16. d5 $14 Bc8 17. Bc2) 16... dxc5 17. Bd5 $36 {[%mdl 2048] White is more active.} Rc8 18. c4 Bxd5 19. cxd5 (19. exd5 e4 $11) 19... c4 20. Qd2 ({Better is} 20. a4 $14) 20... f5 $11 21. exf5 gxf5 22. Bg5 Qc7 (22... Qd6 $11 {keeps the balance.}) 23. d6 $16 Qb6 $2 (23... c3 $16 24. dxc7 cxd2 25. Bxd2 (25. cxd8=Q dxe1=Q+ 26. Rxe1 Rfxd8 $14) (25. cxd8=N dxe1=N 26. Rxe1 Rfxd8 $14) 25... Rxc7) 24. d7 Rc5 25. Be7 Nf4 {...Rd5 is the strong threat.} 26. Qd6 $2 (26. Bxf8 Kxf8 27. Nh4 Bh6 $16) ({Weaker is} 26. Bxc5 Qxc5 27. Rac1 Bh6 $11) (26. Qe3 $1 $18 Nd3 27. Bxc5 Nxc5 28. Nxe5 Bxe5 29. Qxe5) 26... Qxd6 $11 27. Bxd6 Rd5 28. Bxf8 (28. Bxe5 Nd3 $17) 28... Kxf8 29. Red1 {[#]} (29. Rad1 $11 Nd3 30. Nh4) 29... Nd3 $1 $17 30. Ne1 {[#]} e4 $1 ({Reject} 30... Rxd7 $6 31. Nxd3 cxd3 32. Rac1 $11) 31. Rd2 $2 {[%mdl 8192]} (31. Rab1 $17 {was necessary.}) 31... c3 (31... Bxb2 $142 32. Rxb2 Nxb2) 32. bxc3 $2 (32. Rc2 cxb2 33. Rb1) 32... Bxc3 $19 {[%mdl 64] Double Attack} 33. Rdd1 Bxa5 ({Less strong is} 33... Bxe1 34. Rxe1 Nxe1 35. Rxe1 $17) 34. Nc2 Rxd7 35. Rab1 Nc6 36. Ne3 f4 37. Ng4 Rd6 38. Kf1 h5 39. Nh2 Nce5 40. Rb3 Nc4 41. Ke2 {[#]} f3+ $1 42. gxf3 Nf4+ {[%mdl 64] Double Attack. Accuracy: White = 21%, Black = 59%.} 0-1

[Event "11th LCC Super Blitz KO 2019"]
[Site "London"]
[Date "2019.12.08"]
[Round "2.1"]
[White "Vocaturo, Daniele"]
[Black "Moussard, Jules"]
[Result "0-1"]
[WhiteElo "2627"]
[BlackElo "2598"]
[Annotator "ChessBase"]
[PlyCount "80"]
[EventDate "2019.12.08"]
[EventType "k.o."]
[EventCountry "ENG"]
[SourceTitle "playchess.com"]
[Source "ChessBase"]
[SourceQuality "1"]
[TimeControl "180+2"]

1. e4 {[%emt 0:00:00]} d6 {[%emt 0:00:00]} 2. d4 {[%emt 0:00:02]} Nf6 {[%emt 0:00:01]} 3. Nc3 {[%emt 0:00:02]} g6 {[%emt 0:00:01]} 4. Nf3 {[%emt 0:00:12]} Bg7 {[%emt 0:00:01]} 5. Be3 {[%emt 0:00:01]} a6 {[%emt 0:00:03]} 6. Bd3 {[%emt 0:00:03]} Bg4 {[%emt 0:00:10]} 7. h3 {[%emt 0:00:04]} Bxf3 {[%emt 0:00:01]} 8. Qxf3 {[%emt 0:00:02]} Nc6 {[%emt 0:00:01]} 9. O-O-O {[%emt 0:00:10]} e5 {[%emt 0:00:08]} 10. d5 {[%emt 0:00:01]} Nd4 {[%emt 0:00:12]} 11. Bxd4 {[%emt 0:00:05]} exd4 {[%emt 0:00:01]} 12. Ne2 {[%emt 0:00:07]} Nd7 {[%emt 0:00:01]} 13. h4 {[%emt 0:00:06]} h5 {[%emt 0:00:02]} 14. Qg3 {[%emt 0:00:08]} Nc5 {[%emt 0:00:58]} 15. f4 {[%emt 0:00:03]} c6 {[%emt 0:00:06]} 16. Rhe1 {[%emt 0:00:30]} Qa5 {[%emt 0:00:11]} 17. Kb1 {[%emt 0:00:06]} cxd5 {[%emt 0:00:06]} 18. exd5 {[%emt 0:00:03]} O-O-O {[%emt 0:00:01]} 19. f5 {[%emt 0:00:23]} Be5 {[%emt 0:00:03]} 20. Qf2 {[%emt 0:00:01]} gxf5 {[%emt 0:00:04]} 21. Bxf5+ {[%emt 0:00:03]} Kb8 22. Nxd4 {[%emt 0:00:04]} Rde8 {[%emt 0:00:24]} 23. c3 {[%emt 0:00:08]} Qb6 {[%emt 0:00:02]} 24. Qc2 {[%emt 0:00:07]} Rhg8 {[%emt 0:00:03]} 25. Re2 {[%emt 0:00:05]} Bg3 {[%emt 0:00:10]} 26. Nf3 {[%emt 0:00:12]} Qb5 {[%emt 0:00:04]} 27. Bd3 {[%emt 0:00:05]} Qd7 {[%emt 0:00:06]} 28. Rdd2 {[%emt 0:00:12]} Qg4 {[%emt 0:00:07]} 29. Bf5 {[%emt 0:00:11]} Qf4 {[%emt 0:00:02]} 30. Rd4 {[%emt 0:00:04]} Rxe2 {[%emt 0:00:03]} 31. Qxe2 {[%emt 0:00:02]} Qxf5+ {[%emt 0:00:01]} 32. Ka1 {[%emt 0:00:04]} Be5 {[%emt 0:00:02]} 33. Rd1 {[%emt 0:00:02]} Rg4 {[%emt 0:00:03]} 34. a3 {[%emt 0:00:02]} Re4 {[%emt 0:00:07]} 35. Qc2 {[%emt 0:00:01]} Qf4 {[%emt 0:00:02]} 36. Ka2 {[%emt 0:00:03]} Re3 {[%emt 0:00:03]} 37. Qh7 {[%emt 0:00:07]} Qc4+ {[%emt 0:00:02]} 38. Kb1 {[%emt 0:00:02]} Bxc3 {[%emt 0:00:03]} 39. bxc3 {[%emt 0:00:03]} Qb3+ {[%emt 0:00:01]} 40. Ka1 {[%emt 0:00:01]} Qxd1+ {[%emt 0:00:03]} 0-1

[Event "11th LCC Super Blitz KO 2019"]
[Site "London"]
[Date "2019.12.08"]
[Round "2.1"]
[White "Gharamian, Tigran"]
[Black "Grover, Sahaj"]
[Result "1/2-1/2"]
[WhiteElo "2603"]
[BlackElo "2508"]
[Annotator "ChessBase"]
[PlyCount "102"]
[EventDate "2019.12.08"]
[EventType "k.o."]
[EventCountry "ENG"]
[SourceTitle "playchess.com"]
[Source "ChessBase"]
[SourceQuality "1"]
[TimeControl "180+2"]

1. e4 {[%emt 0:00:00]} e5 {[%emt 0:00:00]} 2. Nf3 {[%emt 0:00:01]} Nc6 {[%emt 0:00:00]} 3. Bb5 {[%emt 0:00:01]} a6 {[%emt 0:00:09]} 4. Bxc6 {[%emt 0:00:02]} dxc6 {[%emt 0:00:01]} 5. O-O {[%emt 0:00:02]} Bg4 {[%emt 0:00:01]} 6. h3 {[%emt 0:00:01]} h5 {[%emt 0:00:01]} 7. d3 {[%emt 0:00:00]} Qf6 {[%emt 0:00:01]} 8. Be3 {[%emt 0:00:02]} Bxf3 {[%emt 0:00:03]} 9. Qxf3 {[%emt 0:00:01]} Qxf3 {[%emt 0:00:02]} 10. gxf3 {[%emt 0:00:01]} Ne7 {[%emt 0:00:01]} 11. f4 {[%emt 0:00:04]} exf4 {[%emt 0:00:13]} 12. Bxf4 {[%emt 0:00:03]} O-O-O {[%emt 0:00:03]} 13. Be3 {[%emt 0:00:09]} g5 {[%emt 0:00:24]} 14. Kh1 {[%emt 0:00:14]} g4 {[%emt 0:00:12]} 15. Nd2 {[%emt 0:00:28]} f5 {[%emt 0:00:06]} 16. f3 {[%emt 0:00:34]} Bh6 {[%emt 0:01:06]} 17. Bxh6 {[%emt 0:00:10]} Rxh6 {[%emt 0:00:01]} 18. Kh2 {[%emt 0:00:06]} Rg8 {[%emt 0:00:16]} 19. f4 {[%emt 0:00:38]} gxh3 {[%emt 0:00:25]} 20. Rg1 {[%emt 0:00:01]} Rg4 {[%emt 0:00:01]} 21. Kxh3 {[%emt 0:00:15]} Rxf4 {[%emt 0:00:05]} 22. Rg7 {[%emt 0:00:06]} Kd8 {[%emt 0:00:13]} 23. Rag1 {[%emt 0:00:13]} Rf2 {[%emt 0:00:05]} 24. R1g2 {[%emt 0:00:14]} Rxg2 25. Rxg2 {[%emt 0:00:01]} fxe4 {[%emt 0:00:06]} 26. dxe4 {[%emt 0:00:06]} Rd6 {[%emt 0:00:06]} 27. Nf3 {[%emt 0:00:07]} Ng6 {[%emt 0:00:01]} 28. Rg5 {[%emt 0:00:04]} h4 {[%emt 0:00:02]} 29. e5 {[%emt 0:00:05]} Re6 {[%emt 0:00:05]} 30. Kg4 {[%emt 0:00:01]} c5 {[%emt 0:00:03]} 31. Kf5 {[%emt 0:00:03]} Nf8 {[%emt 0:00:05]} 32. Nxh4 {[%emt 0:00:02]} Rb6 {[%emt 0:00:02]} 33. Rg8 {[%emt 0:00:02]} Ke7 {[%emt 0:00:00]} 34. Rg7+ {[%emt 0:00:01]} Kd8 {[%emt 0:00:01]} 35. b3 {[%emt 0:00:01]} c4 {[%emt 0:00:03]} 36. Nf3 {[%emt 0:00:06]} cxb3 {[%emt 0:00:01]} 37. axb3 {[%emt 0:00:00]} Rc6 {[%emt 0:00:04]} 38. c4 {[%emt 0:00:02]} Rh6 {[%emt 0:00:03]} 39. Ng5 {[%emt 0:00:01]} Rh1 {[%emt 0:00:04]} 40. Nf7+ {[%emt 0:00:01]} Ke8 {[%emt 0:00:01]} 41. Ng5 {[%emt 0:00:02]} Rf1+ {[%emt 0:00:01]} 42. Ke4 {[%emt 0:00:01]} Nd7 {[%emt 0:00:01]} 43. e6 {[%emt 0:00:01]} Nc5+ {[%emt 0:00:00]} 44. Ke3 {[%emt 0:00:01]} Nxe6 {[%emt 0:00:05]} 45. Nxe6 {[%emt 0:00:01]} Re1+ {[%emt 0:00:01]} 46. Kd4 {[%emt 0:00:01]} Rxe6 {[%emt 0:00:01]} 47. Rxc7 {[%emt 0:00:01]} Rb6 {[%emt 0:00:00]} 48. Kc3 {[%emt 0:00:06]} Kd8 {[%emt 0:00:01]} 49. Rh7 {[%emt 0:00:01]} Kc8 {[%emt 0:00:00]} 50. b4 {[%emt 0:00:04]} Rg6 {[%emt 0:00:01]} 51. c5 {[%emt 0:00:04]} Rg4 {[%emt 0:00:01]} 1/2-1/2

[Event "11th LCC Super Blitz KO 2019"]
[Site "London"]
[Date "2019.12.08"]
[Round "2.1"]
[White "Turner, Matthew J"]
[Black "Gormally, Daniel W"]
[Result "1-0"]
[WhiteElo "2519"]
[BlackElo "2497"]
[Annotator "ChessBase"]
[PlyCount "120"]
[EventDate "2019.12.08"]
[EventType "k.o."]
[EventCountry "ENG"]
[SourceTitle "playchess.com"]
[Source "ChessBase"]
[SourceQuality "1"]
[TimeControl "180+2"]

1. d4 {[%emt 0:00:00]} Nf6 {[%emt 0:00:00]} 2. Nf3 {[%emt 0:00:00]} g6 {[%emt 0:00:00]} 3. g3 {[%emt 0:00:00]} Bg7 {[%emt 0:00:00]} 4. Bg2 {[%emt 0:00:01]} O-O {[%emt 0:00:01]} 5. O-O {[%emt 0:00:01]} d6 {[%emt 0:00:01]} 6. c4 {[%emt 0:00:03]} Nbd7 {[%emt 0:00:02]} 7. d5 {[%emt 0:00:01]} Nb6 {[%emt 0:00:04]} 8. Na3 {[%emt 0:00:03]} c6 {[%emt 0:00:24]} 9. dxc6 {[%emt 0:00:08]} bxc6 {[%emt 0:00:01]} 10. Nd4 {[%emt 0:00:01]} Bb7 {[%emt 0:00:00]} 11. c5 {[%emt 0:00:21]} dxc5 {[%emt 0:00:16]} 12. Nxc6 {[%emt 0:00:01]} Bxc6 {[%emt 0:00:16]} 13. Bxc6 {[%emt 0:00:03]} Rc8 {[%emt 0:00:01]} 14. Bf3 {[%emt 0:00:06]} c4 {[%emt 0:00:02]} 15. Nb5 {[%emt 0:00:27]} Qxd1 {[%emt 0:00:39]} 16. Rxd1 {[%emt 0:00:01]} a6 {[%emt 0:00:01]} 17. Nc3 {[%emt 0:00:02]} a5 {[%emt 0:00:27]} 18. Bf4 {[%emt 0:00:11]} Nfd7 {[%emt 0:00:13]} 19. Bb7 {[%emt 0:00:28]} Rc5 {[%emt 0:00:01]} 20. Be3 {[%emt 0:00:03]} Rc7 {[%emt 0:00:01]} 21. Bf3 {[%emt 0:00:08]} Nc5 {[%emt 0:00:10]} 22. Rac1 {[%emt 0:00:07]} Rfc8 {[%emt 0:00:14]} 23. Rc2 {[%emt 0:00:26]} Rd7 {[%emt 0:00:17]} 24. Rcd2 {[%emt 0:00:06]} Rxd2 {[%emt 0:00:03]} 25. Rxd2 {[%emt 0:00:01]} e6 {[%emt 0:00:09]} 26. Bxc5 {[%emt 0:00:40]} Rxc5 {[%emt 0:00:01]} 27. Rd8+ {[%emt 0:00:01]} Bf8 {[%emt 0:00:01]} 28. h4 {[%emt 0:00:04]} Kg7 {[%emt 0:00:01]} 29. h5 {[%emt 0:00:02]} gxh5 {[%emt 0:00:01]} 30. Kg2 {[%emt 0:00:05]} h4 {[%emt 0:00:05]} 31. gxh4 {[%emt 0:00:02]} Be7 32. Rb8 {[%emt 0:00:01]} Nd5 {[%emt 0:00:02]} 33. Nxd5 {[%emt 0:00:08]} exd5 {[%emt 0:00:01]} 34. Rb7 {[%emt 0:00:02]} Kf8 {[%emt 0:00:04]} 35. Rd7 {[%emt 0:00:02]} Ke8 {[%emt 0:00:15]} 36. Rxd5 {[%emt 0:00:02]} Rxd5 {[%emt 0:00:01]} 37. Bxd5 {[%emt 0:00:01]} Bxh4 {[%emt 0:00:04]} 38. Bxc4 {[%emt 0:00:01]} Bf6 {[%emt 0:00:01]} 39. b3 {[%emt 0:00:01]} Ke7 {[%emt 0:00:01]} 40. f4 {[%emt 0:00:01]} Bd4 {[%emt 0:00:05]} 41. Kf3 {[%emt 0:00:01]} f5 {[%emt 0:00:01]} 42. Bb5 {[%emt 0:00:06]} Kf6 {[%emt 0:00:01]} 43. Bd7 {[%emt 0:00:01]} h6 {[%emt 0:00:01]} 44. Kg3 {[%emt 0:00:03]} Be3 {[%emt 0:00:02]} 45. Kf3 {[%emt 0:00:01]} Bd4 {[%emt 0:00:00]} 46. e3 {[%emt 0:00:03]} Bc3 {[%emt 0:00:02]} 47. Ke2 {[%emt 0:00:02]} Bb4 {[%emt 0:00:03]} 48. Kf3 {[%emt 0:00:02]} Bd2 {[%emt 0:00:01]} 49. Bc8 {[%emt 0:00:01]} Bc1 {[%emt 0:00:01]} 50. Bd7 {[%emt 0:00:02]} Bd2 {[%emt 0:00:01]} 51. e4 fxe4+ {[%emt 0:00:01]} 52. Kxe4 {[%emt 0:00:03]} Bc1 {[%emt 0:00:02]} 53. Bg4 {[%emt 0:00:03]} Bd2 {[%emt 0:00:01]} 54. a3 {[%emt 0:00:03]} Bc1 {[%emt 0:00:02]} 55. b4 {[%emt 0:00:01]} axb4 {[%emt 0:00:02]} 56. axb4 {[%emt 0:00:01]} Bd2 {[%emt 0:00:05]} 57. b5 {[%emt 0:00:03]} Ba5 {[%emt 0:00:03]} 58. Kd5 {[%emt 0:00:02]} Bd2 {[%emt 0:00:13]} 59. f5 {[%emt 0:00:02]} Be3 {[%emt 0:00:07]} 60. Bh3 {[%emt 0:00:04]} Ke7 {[%emt 0:00:02]} 1-0

[Event "11th LCC Super Blitz KO 2019"]
[Site "London"]
[Date "2019.12.08"]
[Round "2.1"]
[White "Speelman, Jon S"]
[Black "McShane, Luke J"]
[Result "0-1"]
[WhiteElo "2509"]
[BlackElo "2677"]
[Annotator "ChessBase"]
[PlyCount "102"]
[EventDate "2019.12.08"]
[EventType "k.o."]
[EventCountry "ENG"]
[SourceTitle "playchess.com"]
[Source "ChessBase"]
[SourceQuality "1"]
[TimeControl "180+2"]

1. Nf3 {[%emt 0:00:00]} Nf6 {[%emt 0:00:00]} 2. c4 {[%emt 0:00:00]} g6 {[%emt 0:00:00]} 3. Nc3 {[%emt 0:00:02]} Bg7 {[%emt 0:00:00]} 4. e4 {[%emt 0:00:01]} O-O {[%emt 0:00:02]} 5. d4 {[%emt 0:00:02]} d6 {[%emt 0:00:01]} 6. h3 {[%emt 0:00:02]} e5 {[%emt 0:00:03]} 7. d5 {[%emt 0:00:01]} a5 {[%emt 0:00:02]} 8. Be3 {[%emt 0:00:02]} Na6 {[%emt 0:00:00]} 9. Nd2 {[%emt 0:00:01]} Nd7 {[%emt 0:00:04]} 10. g4 {[%emt 0:00:03]} Ndc5 {[%emt 0:00:10]} 11. a3 {[%emt 0:00:06]} c6 {[%emt 0:00:06]} 12. h4 {[%emt 0:00:15]} f5 {[%emt 0:00:15]} 13. gxf5 {[%emt 0:00:17]} gxf5 {[%emt 0:00:01]} 14. Bg5 {[%emt 0:00:13]} Qc7 {[%emt 0:00:18]} 15. Rg1 {[%emt 0:00:07]} Kh8 {[%emt 0:00:01]} 16. h5 {[%emt 0:00:08]} Qf7 {[%emt 0:00:25]} 17. h6 {[%emt 0:00:07]} Bf6 {[%emt 0:00:00]} 18. Bxf6+ {[%emt 0:00:12]} Qxf6 {[%emt 0:00:01]} 19. Qh5 {[%emt 0:00:02]} Bd7 {[%emt 0:00:05]} 20. O-O-O {[%emt 0:00:04]} Be8 {[%emt 0:00:05]} 21. Qg5 {[%emt 0:00:12]} Qxg5 {[%emt 0:00:01]} 22. Rxg5 {[%emt 0:00:01]} Bg6 {[%emt 0:00:10]} 23. exf5 {[%emt 0:00:45]} Bxf5 {[%emt 0:00:03]} 24. f3 {[%emt 0:00:01]} Bg6 {[%emt 0:00:24]} 25. Be2 {[%emt 0:00:10]} cxd5 {[%emt 0:00:42]} 26. Nxd5 {[%emt 0:00:06]} Ne6 {[%emt 0:00:01]} 27. Rg2 {[%emt 0:00:06]} Nac5 {[%emt 0:00:01]} 28. b3 {[%emt 0:00:13]} Nd4 {[%emt 0:00:10]} 29. Kb2 {[%emt 0:00:01]} Rab8 {[%emt 0:00:19]} 30. Ne7 {[%emt 0:00:06]} Bd3 {[%emt 0:00:07]} 31. Bxd3 {[%emt 0:00:03]} Nxd3+ {[%emt 0:00:01]} 32. Kc3 {[%emt 0:00:02]} Nf4 {[%emt 0:00:02]} 33. Rdg1 {[%emt 0:00:09]} Nxg2 {[%emt 0:00:02]} 34. Rxg2 {[%emt 0:00:01]} Rf7 {[%emt 0:00:01]} 35. Nd5 {[%emt 0:00:01]} Rg8 {[%emt 0:00:01]} 36. Rf2 {[%emt 0:00:02]} Rg6 {[%emt 0:00:02]} 37. b4 {[%emt 0:00:02]} axb4+ {[%emt 0:00:01]} 38. axb4 {[%emt 0:00:01]} Rxh6 {[%emt 0:00:01]} 39. b5 {[%emt 0:00:02]} Rh3 {[%emt 0:00:01]} 40. Kb4 {[%emt 0:00:01]} Nxf3 {[%emt 0:00:02]} 41. Nxf3 {[%emt 0:00:01]} Rhxf3 {[%emt 0:00:01]} 42. Ra2 {[%emt 0:00:01]} h5 {[%emt 0:00:01]} 43. Rh2 {[%emt 0:00:01]} Rh7 {[%emt 0:00:02]} 44. Ka5 {[%emt 0:00:01]} h4 {[%emt 0:00:02]} 45. Kb6 {[%emt 0:00:02]} h3 {[%emt 0:00:01]} 46. Nc7 {[%emt 0:00:01]} Rc3 {[%emt 0:00:02]} 47. Ne8 {[%emt 0:00:02]} Rxc4 {[%emt 0:00:03]} 48. Nxd6 {[%emt 0:00:02]} Rh6 {[%emt 0:00:01]} 49. Kxb7 {[%emt 0:00:02]} Rxd6 {[%emt 0:00:02]} 50. Rxh3+ {[%emt 0:00:01]} Kg7 {[%emt 0:00:00]} 51. b6 {[%emt 0:00:01]} Rb4 {[%emt 0:00:01]} 0-1

[Event "11th LCC Super Blitz KO 2019"]
[Site "London"]
[Date "2019.12.08"]
[Round "2.1"]
[White "McPhillips, Joseph"]
[Black "Howell, David W L"]
[Result "0-1"]
[WhiteElo "2434"]
[BlackElo "2676"]
[Annotator "ChessBase"]
[PlyCount "58"]
[EventDate "2019.12.08"]
[EventType "k.o."]
[EventCountry "ENG"]
[SourceTitle "playchess.com"]
[Source "ChessBase"]
[SourceQuality "1"]
[TimeControl "180+2"]

1. Nf3 {[%emt 0:00:00]} Nf6 {[%emt 0:00:00]} 2. b3 {[%emt 0:00:00]} b6 {[%emt 0:00:14]} 3. g3 {[%emt 0:00:01]} Bb7 {[%emt 0:00:00]} 4. Bg2 {[%emt 0:00:01]} g6 {[%emt 0:00:01]} 5. c4 {[%emt 0:00:02]} Bg7 {[%emt 0:00:02]} 6. Bb2 {[%emt 0:00:02]} O-O {[%emt 0:00:02]} 7. d4 {[%emt 0:00:02]} c5 {[%emt 0:00:09]} 8. d5 {[%emt 0:00:12]} e6 {[%emt 0:00:01]} 9. dxe6 {[%emt 0:00:12]} fxe6 {[%emt 0:00:15]} 10. O-O {[%emt 0:00:02]} Qe7 {[%emt 0:00:01]} 11. Nc3 {[%emt 0:00:07]} Nc6 {[%emt 0:00:01]} 12. Nb5 {[%emt 0:00:10]} d5 {[%emt 0:00:24]} 13. cxd5 {[%emt 0:00:02]} exd5 {[%emt 0:00:02]} 14. e3 {[%emt 0:00:02]} Rad8 {[%emt 0:00:04]} 15. Qc1 {[%emt 0:00:34]} Nb4 {[%emt 0:00:16]} 16. Rd1 {[%emt 0:00:05]} Ne4 {[%emt 0:00:09]} 17. a3 {[%emt 0:00:17]} Nc6 {[%emt 0:00:06]} 18. Ra2 {[%emt 0:00:12]} Bxb2 {[%emt 0:00:54]} 19. Rxb2 {[%emt 0:00:02]} Qf6 {[%emt 0:00:04]} 20. Rc2 {[%emt 0:00:11]} a6 {[%emt 0:00:13]} 21. Nc3 {[%emt 0:00:03]} Nxc3 {[%emt 0:00:01]} 22. Rxc3 {[%emt 0:00:01]} d4 {[%emt 0:00:01]} 23. Rc2 {[%emt 0:00:41]} Na5 {[%emt 0:00:11]} 24. b4 {[%emt 0:00:11]} Bxf3 {[%emt 0:00:04]} 25. Bxf3 {[%emt 0:00:03]} Qxf3 {[%emt 0:00:01]} 26. bxa5 {[%emt 0:00:03]} dxe3 {[%emt 0:00:01]} 27. Rf1 {[%emt 0:00:13]} e2 {[%emt 0:00:06]} 28. Re1 {[%emt 0:00:14]} Rd1 {[%emt 0:00:02]} 29. Rcxe2 {[%emt 0:00:06]} Rxc1 {[%emt 0:00:01]} 0-1